Word Ladder: Geology Quiz Stats

Quiz Updated Oct 31, 2014

Challenge
Share
Tweet
Embed
Score 0/16 Timer 02:00
0 Plays Today
Hint 4-Letter Word % Correct
Igneous or sedimentary, e.g.ROCK
97.8%
Earth's centerCORE
96.7%
How we get minerals out of the earthMINE
94.4%
Lead singer from the Rolling StonesMICK
93.5%
A walking stickCANE
92.7%
In the UK, queueLINE
92.4%
To treat with contempt or ridiculeMOCK
92%
A strip of road for a single line of vehiclesLANE
91.9%
Hint 4-Letter Word % Correct
Molten rock on the Earth's surfaceLAVA
91.9%
Weasel-like animal, valued for its furMINK
91.6%
Be concernedCARE
91%
You surf on one of theseWAVE
89.9%
A small sheltered inlet or bayCOVE
87%
Natural chamber in the EarthCAVE
85.4%
Formed cloth from threadWOVE
83.7%
Spanish sparkling wineCAVA
80.6%

Today's Daily Dose

You're not logged in!

Compare scores with friends on all Sporcle quizzes.
Sign Up with Email
OR
Log In

You Might Also Like...

Show Comments

Extras

Top Quizzes Today


Score Distribution

Your Account Isn't Verified!

In order to create a playlist on Sporcle, you need to verify the email address you used during registration. Go to your Sporcle Settings to finish the process.